Top 3 NFL WRs for Each Team 2024 - Statistics

General Stats
  • This quiz has been taken 285 times
  • The average score is 59 of 96
Answer Stats
Answer Hint % Correct
Amon-Ra St. Brown Detroit Lions
95%
A.J. Brown Philadelphia Eagles
94%
Cooper Kupp Los Angeles Rams
94%
Devonta Smith Philadelphia Eagles
93%
Justin Jefferson Minnesota Vikings
92%
Noah Brown Washington Commanders
92%
D.K Metcalf Seattle Seahawks
90%
Tyreek Hill Miami Dolphins
90%
Van Jefferson Pittsburgh Steelers
88%
CeeDee Lamb Dallas Cowboys
87%
Deebo Samuel Sr. San Francisco 49ers
87%
Ja'Marr Chase Cincinnati Bengals
87%
Brandon Aiyuk San Francisco 49ers
85%
Marvin Harrison Jr. Arizona Cardinals
85%
Garrett Wilson New York Jets
83%
Jaylen Waddle Miami Dolphins
83%
Malik Nabers New York Giants
83%
Stefon Diggs Houston Texans
83%
Curtis Samuel Buffalo Bills
82%
DJ Moore Chicago Bears
81%
Jameson Williams Detroit Lions
81%
Michael Wilson Arizona Cardinals
81%
Mike Evans Tampa Bay Buccaneers
81%
Tyler Lockett Seattle Seahawks
81%
Zay Flowers Baltimore Ravens
81%
Davante Adams Las Vegas Raiders
80%
Drake London Atlanta Falcons
79%
Mike Williams New York Jets
79%
Amari Cooper Cleveland Browns
78%
Elijah Moore Cleveland Browns
78%
George Pickens Pittsburgh Steelers
78%
Nico Collins Houston Texans
78%
Terry McLaurin Washington Commanders
78%
Tee Higgins Cincinnati Bengals
77%
Tank Dell Houston Texans
75%
Chris Godwin Tampa Bay Buccaneers
74%
Jordan Addison Minnesota Vikings
73%
Rashee Rice Kansas City Chiefs
73%
Michael Pittman Jr. Indianapolis Colts
72%
Chris Olave New Orleans Saints
71%
DeAndre Hopkins Tennessee Titans
71%
Cortland Sutton Denver Broncos
69%
Jauan Jennings San Francisco 49ers
69%
Jayden Reed Green Bay Packers
69%
Rome Odunze Chicago Bears
69%
Jaxon Smith-Njigba Seattle Seahawks
68%
Justin Watson Kansas City Chiefs
67%
Adam Thielen Carolina Panthers
66%
Xavier Worthy Kansas City Chiefs
66%
Brian Thomas Jr. Jacksonville Jaguars
65%
Demarcus Robinson Los Angeles Rams
65%
Jerry Jeudy Cleveland Browns
65%
Keon Coleman Buffalo Bills
65%
Wan'Dale Robinson New York Giants
65%
Calvin Ridley Tennessee Titans
64%
Diontae Johnson Carolina Panthers
63%
Romeo Doubs Green Bay Packers
62%
Khalil Shakir Buffalo Bills
61%
Darnell Mooney Atlanta Falcons
60%
Rashod Bateman Baltimore Ravens
60%
Brandin Cooks Dallas Cowboys
58%
Christian Kirk Jacksonville Jaguars
58%
Jakobi Meyers Las Vegas Raiders
55%
Ladd McConkey Los Angeles Chargers
55%
Rashid Shaheed New Orleans Saints
53%
Josh Downs Indianapolis Colts
52%
Alec Pierce Indianapolis Colts
50%
Xavier Legette Carolina Panthers
48%
Darius Slayton New York Giants
47%
DeMario Douglas New England Patriots
47%
Quentin Johnston Los Angeles Chargers
47%
Allen Lazard New York Jets
46%
Gabe Davis Jacksonville Jaguars
44%
Tyler Boyd Tennessee Titans
43%
Dontayvion Wicks Green Bay Packers
42%
Joshua Palmer Los Angeles Chargers
40%
Tutu Atwell Los Angeles Rams
40%
Andrei Iosivas Cincinnati Bengals
36%
Tim Patrick Detroit Lions
34%
Calvin Austin III Pittsburgh Steelers
33%
Ja'Lynn Polk New England Patriots
33%
Ray-Ray McCloud III Atlanta Falcons
33%
Greg Dortch Arizona Cardinals
31%
Jalen Tolbert Dallas Cowboys
29%
Josh Reynolds Denver Broncos
28%
Jalen McMillan Tampa Bay Buccaneers
27%
Jalen Nailor Minnesota Vikings
27%
K.J. Osborn New England Patriots
27%
Tre Tucker Las Vegas Raiders
25%
Nelson Agholor Baltimore Ravens
24%
Olamide Zaccheaus Washington Commanders
21%
Lil'Jordan Humphrey Denver Broncos
10%
DeAndre Carter Chicago Bears
8%
Britain Covey Philadelphia Eagles
5%
Dee Eskridge Miami Dolphins
3%
Mason Tipton New Orleans Saints
3%
No matching quizzes found
Score Distribution
Percent of People with Each Score
Percentile by Number Answered
Your Score History
You have not taken this quiz